Economía monetaria internacional (Registro nro. 5015)

Detalles MARC
000 -LEADER
fixed length control field 01263 a2200241 4500
001 - CONTROL NUMBER
control field 52893
005 - DATE AND TIME OF LATEST TRANSACTION
control field 20260407155803.0
008 - FIXED-LENGTH DATA ELEMENTS--GENERAL INFORMATION
fixed length control field 260407a1999 arg spa d
003 - CONTROL NUMBER IDENTIFIER
control field AR-UNSa-BCEJYS
040 ## - CATALOGING SOURCE
Original cataloging agency AR-UNSa-BCEJYS
Language of cataloging spa
Transcribing agency AR-UNSa-BCEJYS
080 ## - UNIVERSAL DECIMAL CLASSIFICATION NUMBER
Universal Decimal Classification number 336.744
Common auxiliary subdivision Moneda universal, mundial. Moneda internacional. Convenciones monetarias internacionales. Países con la misma moneda (Economía Monetaria Internacional)
020 ## - INTERNATIONAL STANDARD BOOK NUMBER
International Standard Book Number 958-682-116-1
041 ## - LANGUAGE CODE
Language code of text/sound track or separate title spa
100 1# - MAIN ENTRY--PERSONAL NAME
Personal name Ossa Scaglia, Fernando
245 10 - TITLE STATEMENT
Title Economía monetaria internacional
250 ## - EDITION STATEMENT
Edition statement 3a. ed.
264 #1 - PRODUCTION, PUBLICATION, DISTRIBUTION, MANUFACTURE, AND COPYRIGHT NOTICE
Place of production, publication, distribution, manufacture México :
Name of producer, publisher, distributor, manufacturer Alfaomega Grupo Editor
Date of production, publication, distribution, manufacture, or copyright notice 1999
300 ## - PHYSICAL DESCRIPTION
Extent 333 p.
Dimensions 23 cm.
505 ## - FORMATTED CONTENTS NOTE
Formatted contents note 1. Aspectos básicos de las relaciones financieras internacionales - 2. Equilibrio general en un modelo real y en un modelo monetario - 3. Ajuste internacional con movimientos de capitales autónomos - 4. El ajuste internacional y el desempleo: Equilibrio externo e interno - 5. Algunas extensiones: Tarifas aduaneras, paridad de poder de compra y política cambiaria - 6. El sistema monetario internacional
590 ## - LOCAL NOTE (RLIN)
Local note niveau_biblio:m niveau_hierar:0
856 41 - ELECTRONIC LOCATION AND ACCESS
Uniform Resource Identifier <a href="https://www.biblioeco.unsa.edu.ar/pmb/images/libros/L128295.jpg">https://www.biblioeco.unsa.edu.ar/pmb/images/libros/L128295.jpg</a>
Link text Imagen de portada
Electronic format type image/jpeg
942 ## - ADDED ENTRY ELEMENTS (KOHA)
Koha item type
Existencias
Withdrawn status Lost status Damaged status Not for loan Home library Current library Shelving location Date acquired Total checkouts Full call number Barcode Date last seen Price effective from Koha item type
        Biblioteca Prof. Eusebio Cleto del Rey Biblioteca Prof. Eusebio Cleto del Rey   07/04/2026   336.744 O84 3ed. L128295 07/04/2026 07/04/2026 Libro